Lego Indiana Jones: The Original Adventures (2008) Playable Characters - Statistics

General Stats
  • This quiz has been taken 498 times
    246 since last reset
  • The average score is 43 of 89
Answer Stats
Answer % Correct
Story Bonus Level 1 Young Indy
100%
Story Raiders - 1, 2, 4, 5Temple - 1, 2 Crusade - 2, 3, 4, 5, 6 Indiana Jones
99%
Story Raiders - 6 Indiana Jones (Army Disguise)
99%
Story Raiders - 3 Indiana Jones (Desert)
99%
Studs After Raiders - 4 Indiana Jones (Desert Disguise)
99%
Story Temple - 1 Indiana Jones (Dinner Suit)
99%
Story Temple - 3, 4, 5, 6 Indiana Jones (Kali)
99%
Studs After Crusade - 4 Indiana Jones (Officer)
99%
Story Crusade - 1 Indiana Jones (Professor)
99%
Story Raiders - 2 Marion
89%
Story Temple - 1, 2, 3, 4, 5, 6 Short Round
89%
Story Crusade - 2, 3, 4, 6 Henry Jones
85%
Story Raiders - 3 Marion (Cairo)
82%
Story Raiders - 4, 5 Marion (Evening Dress)
82%
Story Raiders - 6 Marion (Nightgown)
82%
Story Raiders - 4, 5 Sallah (Desert)
79%
Story Crusade - 5, 6 Sallah (Fez)
79%
Story Temple - 1 Willie
76%
Story Temple - 4, 5, 6 Willie (Ceremony)
76%
Studs After Temple - 2 Willie (Dinner Suit)
76%
Story Temple - 2 Willie (Evening Dress)
76%
Studs After Temple - 2 Willie (Pajamas)
76%
Story Crusade - 1, 2 Elsa
75%
Studs After Crusade - 6 Elsa (Desert)
75%
Studs After Crusade - 4 Elsa (Officer)
75%
Studs After Raiders - 5 Belloq
73%
Studs After Raiders - 1 Belloq (Jungle)
73%
Studs After Raiders - 6 Belloq (Robes)
73%
Story Crusade - 1, 6 Brody
68%
Studs Find Star Wars cameos Han Solo
64%
Studs After Raiders - 4 Enemy Soldier (Desert)
61%
Studs After Temple - 6 Mola Ram
61%
Story Raiders - 1 Satipo
61%
Story Raiders - 1 Jock
56%
Studs After Crusade - 2 Bazooka Trooper (Crusade)
50%
Studs After Raiders - 2 Bazooka Trooper (Raiders)
50%
Studs After Temple - 2 British Soldier
50%
Studs After Raiders - 2 Major Toht
50%
Studs After Raiders - 4 Enemy Officer
49%
Studs After Raiders - 5 Enemy Officer (Desert)
49%
Studs After Crusade - 6 Donovan
48%
Studs After Temple - 3 Thuggee Acolyte
47%
Studs After Temple - 4 Thuggee Slave Driver
47%
Studs After Temple - 3 Thuggee
46%
Studs After Crusade - 6 Grail Knight
45%
Studs After Crusade - 4 Enemy Pilot
44%
Studs After Raiders - 2 Enemy Guard
42%
Studs After Raiders - 2 Enemy Guard (Mountains)
42%
Studs After Raiders - 1 Hovitos Tribesman
38%
Studs After Crusade - 2 Enemy Radio Operator
37%
Studs After Raiders - 6 Colonel Dietrich
36%
Studs After Temple - 2 British Officer
35%
Studs After Bonus Level 1 Fedora
35%
Studs After Temple - 1 Lao Che
35%
Studs After Raiders - 3 Bandit Swordsman
32%
Story Bonus Level 1 Boy Scout
32%
Studs After Temple - 2 Maharajah
32%
Studs After Temple - 4 Slave Child
32%
Studs After Raiders - 2 Sherpa Brawler
30%
Studs After Raiders - 2 Sherpa Gunner
30%
Studs After Temple - 2 Village Elder
28%
Studs After Raiders - 3 Masked Bandit
27%
Studs After Raiders - 3 Bandit
26%
Studs After Raiders - 3 Monkey Man
25%
Studs After Crusade - 5 Colonel Vogel
24%
Studs After Raiders - 1 Barranca
21%
Studs After Temple - 1 Chen
21%
Studs After Temple - 2 Pankot Guard
21%
Studs After Temple - 1 Wu Han
21%
Studs After Temple - 2 British Commander
20%
Studs After Raiders - 6 Captain Katanga
19%
Studs After Temple - 2 Chatter Lal
19%
Studs After Temple - 3 Chatter Lal (Thuggee)
19%
Studs After Crusade - 1 Kazim
19%
Studs After Crusade - 5 Kazim (Desert)
19%
Studs After Temple - 1 Dancing Girl
18%
Secret Characters Temple - 1 Dancing Girl 2
18%
Studs After Raiders - 5 Enemy Boxer
18%
Studs After Raiders - 1 Jungle Guide
18%
Studs After Temple - 1 Kao Kan
15%
Secret Characters Raiders - 2 Santa
14%
Studs After Temple - 2 Pankot Assassin
13%
Secret Characters Temple - 1 Shanghai Hoodlum 1
12%
Secret Characters Temple - 1 Shanghai Hoodlum 2
12%
Studs After Raiders - 6 First Mate
11%
Studs After Temple - 2 Village Dignitary
11%
Studs After Crusade - 2 Enemy Butler
10%
Secret Characters Bonus Level 1 Grave Robber 1
7%
Secret Characters Bonus Level 1 Grave Robber 2
7%
No matching quizzes found
Score Distribution
Percent of People with Each Score
Percentile by Number Answered
Your Score History
You have not taken this quiz since the last reset